Multiple representations in chemical education
Saved in:
| Main Authors: | , |
|---|---|
| 格式: | 圖書 |
| 語言: | 英语 |
| 出版: |
Springer
2009
|
| 版: | 1a. ed |
| 叢編: | Models and Modeling in Science Education, 4
|
| 主題: | |
| 標簽: |
添加標簽
沒有標簽, 成為第一個標記此記錄!
|
MARC
| LEADER | 00000cam a2200000 a 4500 | ||
|---|---|---|---|
| 001 | UCE3148 | ||
| 003 | CL-VaPUC | ||
| 008 | 140821e20090000uk |||||||||||||||||eng|d | ||
| 020 | |a 9781402088711 | ||
| 082 | 0 | 4 | |a 540.71 |b GIL |2 21 |
| 100 | 0 | |a Gilbert, John K |e author |9 575646 | |
| 700 | 0 | |a Treagust, David |e author |9 575647 | |
| 245 | 1 | 0 | |a Multiple representations in chemical education |
| 250 | |a 1a. ed | ||
| 300 | |a 367 p | ||
| 942 | |c BK | ||
| 945 | |d 20140821 14:35:00 |a dcastane | ||
| 260 | |b Springer |c 2009 | ||
| 650 | 0 | |a Enseñanza de la química |9 339845 | |
| 650 | 0 | |a Química |9 259896 | |
| 650 | 0 | |a Métodos de enseñanza |9 270413 | |
| 583 | |a last modification |c 20140821 14:35:00 |k Rodrigo Vera | ||
| 490 | 0 | |a Models and Modeling in Science Education, 4 | |
| 999 | |c 356592 |d 356590 | ||
| 952 | |0 0 |1 0 |3 erd |4 0 |6 540_710000000000000_GIL_2009 |7 0 |8 A |9 464040 |a BIBCUR |b BIBCUR |i 5110181 |o 540.71 GIL 2009 |p 5110181 |r 2025-04-22 |w 2019-11-23 |y BK |z Catalogado en:20140821 |k QUI | ||